01624cam a2200385 4500001001300000003000400013005001700017008004100034010002300075040004100098043001200139110003600151245007300187260002400260300004300284490003500327490005000362500015100412500005100563504002900614505010000643650004400743650004800787650004900835650004400884650002400928700001600952700001900968700004000987710002901027710004101056810007101097830005301168999001701221gs 68000337 DLC20260227111423.0710324m19659999nduab b 000 0 eng c ags 68000337 //r935 aU.S. Geol. Survey. LibrarycDLCdDLC an-us-nd20aNorth Dakota Geological Survey.10aGeology and ground water resources of Burleigh County, North Dakota.1 aGrand Forks,c1965- apts.billus., maps (part col.)c24 cm.1 aCounty ground water studies, 31 aNorth Dakota. Geological Survey. Bulletinv42 aPrepared cooperatively by the U.S. Geological Survey, the North Dakota Geological Survey and the North Dakota State Water Conservation Commission. aPart of illustrative matter folded in pockets. aIncludes bibliographies.1 apt. 1. Geology, by J. Kume and D. E. Hansen.--pt. 2. Ground water basic data, by P. G. Randich. 0aGeologyzNorth DakotazBurleigh County. 0aGroundwaterzNorth DakotazBurleigh County. 0aWater-supplyzNorth DakotazBurleigh County. 0aBoringszNorth DakotazBurleigh County. 0aWaterxComposition.10aKume, Jack.10aHansen, Dan E.10aRandich, P. G.q(Philip G.),d1909-20aGeological Survey (U.S.)20aNorth Dakota State Water Commission.1 aNorth Dakota.bGeological Survey.tCounty ground water studies,v3 0aBulletin (North Dakota Geological Survey) ;v42. c30538d30538